Catálogo Biblioteca Central

El derecho administrativo en Francia (Registro nro. 43602)

Detalles MARC
000 -CABECERA
campo de control de longitud fija 00621naa a2200217 i 4500
001 - NÚMERO DE CONTROL
campo de control 43602
003 - IDENTIFICADOR DEL NÚMERO DE CONTROL
campo de control ES-MaBCM
005 - FECHA Y HORA DE LA ÚLTIMA TRANSACCIÓN
campo de control 20241016104615.0
008 - CÓDIGOS DE INFORMACIÓN DE LONGITUD FIJA
campo de control de longitud fija 961024s1994 esp 000 0 spa d
021 ## -
-- xx
035 ## - NÚMERO DE CONTROL DEL SISTEMA
Número de control de sistema (OCoLC)1365213751
040 ## - FUENTE DE LA CATALOGACIÓN
Centro transcriptor ES-MaBCM
041 0# - CÓDIGO DE LENGUA
Código de lengua del texto/banda sonora o título independiente spa
043 ## - CÓDIGO DE ÁREA GEOGRÁFICA
Código de área geográfica esp
245 03 - MENCIÓN DE TÍTULO
Título El derecho administrativo en Francia
Resto del título : tendencias actuales
520 ## - SUMARIO, ETC.
Sumario etc. Nº monográfico
650 #7 - PUNTO DE ACCESO ADICIONAL DE MATERIA--TÉRMINO DE MATERIA
Término de materia o nombre geográfico como elemento inicial Derecho administrativo
9 (RLIN) 58277
651 #4 - PUNTO DE ACCESO ADICIONAL DE MATERIA--NOMBRE GEOGRÁFICO
Nombre geográfico Francia
9 (RLIN) 115364
773 0# - ENLACE AL DOCUMENTO FUENTE
Encabezamiento principal En:
Título Documentación administrativa
Lugar editor y fecha de publicación Madrid : 1994
Parte(s) relacionada(s) n. 239, jul.-sept., p. 1-213. - Loc. S.16
Número de control del registro relacionado 104389
942 ## - ELEMENTOS DE PUNTO DE ACCESO ADICIONAL (KOHA)
Tipo de ítem Koha Artículos de revistas
Existencias
Estado de retiro Estado de pérdida Estado dañado No para préstamo Localización permanente Ubicación/localización actual Fecha de adquisición Precio válido a partir de Tipo de ítem Koha
        Biblioteca Central del Ministerio de la Presidencia Biblioteca Central del Ministerio de la Presidencia 21/04/2012 21/04/2012 Artículos de revistas